[Event "Winnipeg TNT March op"]
[Site "Winnipeg CAN"]
[Date "2005.03.08"]
[Round "2"]
[White "Schulz, Manfred"]
[Black "Degroot, Stephen"]
[Result "0-1"]
[WhiteElo "1905"]
[BlackElo "1586"]
[PlyCount "84"]
[GameId "2160767910965566"]
[EventDate "2005.03.01"]
[EventType "swiss"]
[EventRounds "4"]
[EventCountry "CAN"]
[SourceTitle "EXT 2006"]
[Source "ChessBase"]
[SourceDate "2005.11.24"]
[SourceVersion "1"]
[SourceVersionDate "2005.11.24"]
[SourceQuality "1"]

1. e4 c5 2. Ne2 d6 3. d4 cxd4 4. Nxd4 Nf6 5. Nc3 a6 6. a4 e5 7. Nb3 Be6 8. Be2 Be7 9. Be3 Nbd7 10. O-O O-O 11. Kh1 Nc5 12. f3 h6 13. Re1 Qc7 14. Nxc5 dxc5 15. Nd5 Bxd5 16. exd5 c4 17. a5 Bc5 18. Bf1 Rad8 19. Bxc5 Qxc5 20. Rxe5 Rxd5 21. Rxd5 Nxd5 22. Qe2 Ne3 23. Qf2 Rc8 24. Ra3 Nxf1 25. Qxf1 Qe5 26. c3 Rc5 27. Ra4 Rxa5 28. Rxc4 Qe2 29. Rc8+ Kh7 30. Qb1+ g6 31. h3 Rg5 32. Qg1 Rd5 33. Kh2 b6 34. f4 Rd2 35. Rc7 Kg7 36. Rc6 g5 37. Rxb6 gxf4 38. Rb4 f3 39. Rg4+ Kh7 40. Qc5 Qe6 41. Qh5 Qd6+ 42. Kg1 f2+ 0-1

[Event "Winnipeg TNT March op"]
[Site "Winnipeg CAN"]
[Date "2005.03.08"]
[Round "2"]
[White "Van Wyk, Joseph"]
[Black "Gibbons, Lorne"]
[Result "1-0"]
[WhiteElo "1855"]
[BlackElo "1324"]
[PlyCount "63"]
[GameId "2160767910965567"]
[EventDate "2005.03.01"]
[EventType "swiss"]
[EventRounds "4"]
[EventCountry "CAN"]
[SourceTitle "EXT 2006"]
[Source "ChessBase"]
[SourceDate "2005.11.24"]
[SourceVersion "1"]
[SourceVersionDate "2005.11.24"]
[SourceQuality "1"]

1. e4 e6 2. c4 Nc6 3. Nc3 g6 4. d4 Bg7 5. Nf3 Nge7 6. Bg5 f6 7. Be3 d6 8. Qd2 h6 9. d5 exd5 10. cxd5 Ne5 11. Nd4 a6 12. h3 Bd7 13. f4 Nf7 14. Ne6 Bxe6 15. dxe6 Ne5 16. fxe5 dxe5 17. O-O-O Qxd2+ 18. Rxd2 O-O 19. Rd7 Nc6 20. Bc4 b5 21. e7+ Rf7 22. e8=Q+ Rxe8 23. Bxf7+ Kf8 24. Bc5+ Ne7 25. Bxe8 Kxe8 26. Rxe7+ Kf8 27. Rd1 Kg8 28. Rd8+ Kh7 29. Rdd7 h5 30. Rxg7+ Kh6 31. Be3+ g5 32. Rh7+ 1-0

[Event "Winnipeg TNT March op"]
[Site "Winnipeg CAN"]
[Date "2005.03.15"]
[Round "3"]
[White "Babb, Jeff"]
[Black "Van Wyk, Joseph"]
[Result "1-0"]
[WhiteElo "2136"]
[BlackElo "1855"]
[PlyCount "91"]
[GameId "2160767910965568"]
[EventDate "2005.03.01"]
[EventType "swiss"]
[EventRounds "4"]
[EventCountry "CAN"]
[SourceTitle "EXT 2006"]
[Source "ChessBase"]
[SourceDate "2005.11.24"]
[SourceVersion "1"]
[SourceVersionDate "2005.11.24"]
[SourceQuality "1"]

1. d4 d5 2. c4 e6 3. Nc3 c5 4. cxd5 cxd4 5. Qa4+ Bd7 6. Qxd4 exd5 7. Qxd5 Nc6 8. Nf3 Nf6 9. Qd1 Bc5 10. e3 Qb6 11. Bd2 Bb4 12. Be2 Rd8 13. O-O Bxc3 14. Bxc3 Ne4 15. Qb3 Qxb3 16. axb3 O-O 17. b4 a6 18. b5 Nxc3 19. bxc3 axb5 20. Bxb5 Ne5 21. Be2 Nxf3+ 22. Bxf3 Bc6 23. Bxc6 bxc6 24. Ra6 Rd6 25. Rb1 Rfd8 26. Kf1 Kf8 27. Rb2 Ke7 28. Ke2 R8d7 29. c4 Rc7 30. h4 Rh6 31. g3 Kd6 32. Kd3 Ke5 33. Ra5+ c5 34. Rbb5 Rd6+ 35. Ke2 Rdc6 36. Ra8 Rd6 37. Rh8 h6 38. Re8+ Kf5 39. f3 Kf6 40. g4 g5 41. h5 Rcd7 42. Rb2 Rd1 43. Kf2 Rc1 44. e4 Rxc4 45. e5+ Kg7 46. Rbb8 1-0

[Event "Winnipeg TNT March op"]
[Site "Winnipeg CAN"]
[Date "2005.03.15"]
[Round "3"]
[White "Degroot, Stephen"]
[Black "Proulx, Roy"]
[Result "1-0"]
[WhiteElo "1586"]
[BlackElo "1805"]
[PlyCount "135"]
[GameId "2160767910965569"]
[EventDate "2005.03.01"]
[EventType "swiss"]
[EventRounds "4"]
[EventCountry "CAN"]
[SourceTitle "EXT 2006"]
[Source "ChessBase"]
[SourceDate "2005.11.24"]
[SourceVersion "1"]
[SourceVersionDate "2005.11.24"]
[SourceQuality "1"]

1. e4 e6 2. d4 d5 3. Nd2 c5 4. c3 Nc6 5. Ngf3 Bd7 6. Bd3 Rc8 7. O-O cxd4 8. cxd4 Nb4 9. Bb1 Bb5 10. Re1 Bd3 11. Bxd3 Nxd3 12. Re3 Nxc1 13. Rxc1 Ne7 14. Qa4+ Nc6 15. Ne5 f6 16. Nxc6 Qd7 17. exd5 bxc6 18. Rxe6+ Kf7 19. Rexc6 Bd6 20. Qc4 Rxc6 21. dxc6+ Qe6 22. d5 Qe5 23. Nf3 Qxb2 24. Nh4 Qb4 25. Nf5 Re8 26. Nxd6+ Qxd6 27. c7 Rc8 28. Qc6 Qxc6 29. Rxc6 Ke7 30. d6+ Kd7 31. Ra6 Re8 32. Kf1 Re6 33. f4 f5 34. Kf2 h5 35. h3 h4 36. g4 g6 37. Kf3 Re8 38. Rxa7 Kxd6 39. Ra6+ Kxc7 40. Rxg6 Ra8 41. gxf5 Kd7 42. Kg4 Rxa2 43. Kxh4 Ke7 44. Kh5 Kf7 45. h4 Ra4 46. Kg4 Ra8 47. h5 Rh8 48. Kg5 Rb8 49. h6 Rb2 50. Rg7+ Kf8 51. Ra7 Kg8 52. h7+ Kh8 53. f6 Rb5+ 54. Kg6 Rg5+ 55. Kf7 Rf5 56. Ra8+ Kxh7 57. Ra3 Rh5 58. Ke6 Rh6 59. f5 Kg8 60. Rg3+ Kf8 61. Rc3 Kg8 62. Rc8+ Kh7 63. Ke7 Rh2 64. f7 Rh6 65. f8=N+ Kg7 66. Ne6+ Kh7 67. f6 Rg6 68. Nf8+ 1-0

[Event "Winnipeg TNT March op"]
[Site "Winnipeg CAN"]
[Date "2005.03.15"]
[Round "3"]
[White "Essery, Richard"]
[Black "Repa, Jason"]
[Result "0-1"]
[WhiteElo "1723"]
[BlackElo "1918"]
[PlyCount "78"]
[GameId "2160767910965570"]
[EventDate "2005.03.01"]
[EventType "swiss"]
[EventRounds "4"]
[EventCountry "CAN"]
[SourceTitle "EXT 2006"]
[Source "ChessBase"]
[SourceDate "2005.11.24"]
[SourceVersion "1"]
[SourceVersionDate "2005.11.24"]
[SourceQuality "1"]

1. d4 e6 2. Nf3 f5 3. Bg5 Be7 4. Bxe7 Qxe7 5. a3 Nf6 6. e3 b6 7. g3 Bb7 8. Bg2 O-O 9. O-O d6 10. Re1 Nbd7 11. c4 Ne4 12. Nc3 Nxc3 13. bxc3 Rae8 14. Qa4 a5 15. Ne5 Bxg2 16. Nxd7 Bf3 17. Nxf8 Rxf8 18. c5 dxc5 19. dxc5 Qxc5 20. Qd4 Qc6 21. Ra2 Bd5 22. Rd2 a4 23. Rb1 b5 24. Qb4 Bc4 25. Qe7 Bd5 26. Rd3 Re8 27. Qb4 Be4 28. Rbd1 Bxd3 29. Rxd3 Kf7 30. Qd4 h6 31. g4 Re7 32. gxf5 exf5 33. Qd5+ Qxd5 34. Rxd5 c6 35. Rxf5+ Ke6 36. Rf4 c5 37. Re4+ Kd6 38. Rxe7 Kxe7 39. f4 b4 0-1

[Event "Winnipeg TNT March op"]
[Site "Winnipeg CAN"]
[Date "2005.03.15"]
[Round "3"]
[White "Gibson, Fred"]
[Black "Podmoroff, Yuri"]
[Result "0-1"]
[WhiteElo "1215"]
[BlackElo "1333"]
[PlyCount "86"]
[GameId "2160767910965572"]
[EventDate "2005.03.01"]
[EventType "swiss"]
[EventRounds "4"]
[EventCountry "CAN"]
[SourceTitle "EXT 2006"]
[Source "ChessBase"]
[SourceDate "2005.11.24"]
[SourceVersion "1"]
[SourceVersionDate "2005.11.24"]
[SourceQuality "1"]

1. d4 d5 2. c4 dxc4 3. e4 b6 4. Bxc4 Bb7 5. Nc3 e6 6. Nf3 Bb4 7. a3 Bxc3+ 8. bxc3 Bxe4 9. O-O h6 10. Re1 Bb7 11. Ne5 Ne7 12. Nxf7 Kxf7 13. Bxe6+ Ke8 14. c4 Bc8 15. Qe2 Nbc6 16. Bb2 Bxe6 17. Qxe6 Qd7 18. d5 Qxe6 19. Rxe6 Nd8 20. Re4 Kd7 21. Bxg7 Rh7 22. Bf6 Nb7 23. Re6 Re8 24. Rae1 Rf7 25. Kf1 Nc5 26. Rc6 Nxc6 27. dxc6+ Kxc6 28. Rxe8 Rxf6 29. Re3 a6 30. g3 Na4 31. Rb3 a5 32. f4 Kc5 33. Re3 Kxc4 34. Re4+ Kb3 35. Re3+ Kc2 36. Ke1 Rd6 37. Re2+ Kc3 38. Re3+ Kb2 39. Ke2 c5 40. f5 c4 41. Re6 Rd8 42. f6 c3 43. f7 Rf8 0-1

[Event "Winnipeg TNT March op"]
[Site "Winnipeg CAN"]
[Date "2005.03.15"]
[Round "3"]
[White "Kwiatek, Jordan"]
[Black "Herkert, Dean"]
[Result "1-0"]
[WhiteElo "1740"]
[BlackElo "1772"]
[PlyCount "57"]
[GameId "2160767910965573"]
[EventDate "2005.03.01"]
[EventType "swiss"]
[EventRounds "4"]
[EventCountry "CAN"]
[SourceTitle "EXT 2006"]
[Source "ChessBase"]
[SourceDate "2005.11.24"]
[SourceVersion "1"]
[SourceVersionDate "2005.11.24"]
[SourceQuality "1"]

1. d4 Nf6 2. Bg5 e6 3. e3 b6 4. Nf3 Bb7 5. Nbd2 Be7 6. Bd3 d5 7. O-O Nbd7 8. Qe2 O-O 9. c3 Re8 10. Ne5 Nxe5 11. dxe5 Ne4 12. Bxe7 Qxe7 13. Rad1 c5 14. f4 a6 15. Rf3 Qc7 16. Rh3 g6 17. Bxe4 dxe4 18. Nc4 a5 19. Nd6 Rad8 20. Qg4 Qe7 21. Rh6 f5 22. exf6 Qd7 23. Rxg6+ hxg6 24. Qxg6+ Kf8 25. Qh6+ Kg8 26. f7+ Qxf7 27. Nxf7 Rxd1+ 28. Kf2 Kxf7 29. Qh5+ 1-0

[Event "Winnipeg TNT March op"]
[Site "Winnipeg CAN"]
[Date "2005.03.15"]
[Round "3"]
[White "Prince, Colin"]
[Black "Rutter, Blair"]
[Result "0-1"]
[WhiteElo "1790"]
[BlackElo "1748"]
[PlyCount "84"]
[GameId "2160767910965575"]
[EventDate "2005.03.01"]
[EventType "swiss"]
[EventRounds "4"]
[EventCountry "CAN"]
[SourceTitle "EXT 2006"]
[Source "ChessBase"]
[SourceDate "2005.11.24"]
[SourceVersion "1"]
[SourceVersionDate "2005.11.24"]
[SourceQuality "1"]

1. e4 e6 2. d4 d5 3. e5 c5 4. c3 Nc6 5. Nf3 Bd7 6. Bd3 Be7 7. O-O cxd4 8. cxd4 Nb4 9. Be2 Rc8 10. Nc3 Qb6 11. Be3 a6 12. a3 Nc6 13. Ne1 Qd8 14. f4 f5 15. g4 fxg4 16. Bxg4 Nh6 17. Bh5+ g6 18. f5 Bg5 19. fxg6 Bxe3+ 20. Kh1 Ke7 21. g7 Rg8 22. Rf7+ Nxf7 23. Qf3 Rxg7 24. Qxe3 Qg8 25. Nd3 Na5 26. Rf1 Nc4 27. Qf4 Rf8 28. Qf6+ Ke8 29. Nxd5 exd5 30. e6 Bxe6 31. Nc5 Rg6 32. Bxg6 Qxg6 33. Qf4 Ncd6 34. Re1 Ne4 35. Nxb7 Kd7 36. Nc5+ Nxc5 37. dxc5 Rg8 38. c6+ Kc8 39. Qf1 Kc7 40. Qf4+ Nd6 41. Qf2 d4 42. Qd2 Bd5+ 0-1

[Event "Winnipeg TNT March op"]
[Site "Winnipeg CAN"]
[Date "2005.03.15"]
[Round "3"]
[White "Reimer, Bruce"]
[Black "Greenberg, Harley"]
[Result "0-1"]
[WhiteElo "1465"]
[BlackElo "1747"]
[PlyCount "72"]
[GameId "2160767910965576"]
[EventDate "2005.03.01"]
[EventType "swiss"]
[EventRounds "4"]
[EventCountry "CAN"]
[SourceTitle "EXT 2006"]
[Source "ChessBase"]
[SourceDate "2005.11.24"]
[SourceVersion "1"]
[SourceVersionDate "2005.11.24"]
[SourceQuality "1"]

1. c4 Nf6 2. g3 g6 3. Bg2 Bg7 4. Nc3 c5 5. e4 d6 6. Nge2 Nc6 7. O-O O-O 8. d3 e5 9. Nd5 Nxd5 10. cxd5 Ne7 11. Bg5 h6 12. Bd2 b5 13. Qc1 Kh7 14. b4 cxb4 15. Bxb4 a5 16. Bd2 Ba6 17. Be3 b4 18. Qd2 Qb8 19. Rab1 Qb5 20. Rfd1 Rfc8 21. Bh3 Rc7 22. a3 Rb8 23. axb4 axb4 24. Rb3 Nxd5 25. exd5 Qxd5 26. Rxb4 Rxb4 27. Qxb4 Bb7 28. Qe4 Qb3 29. Qg4 Qxd1+ 30. Bf1 d5 31. Qh3 d4 32. Bxh6 Bxh6 33. f4 Qxd3 34. g4 Qxh3 35. Bxh3 exf4 36. Nxd4 f3 0-1

[Event "Winnipeg TNT March op"]
[Site "Winnipeg CAN"]
[Date "2005.03.15"]
[Round "3"]
[White "Rumpel, Chris"]
[Black "Fastershank, Anthony"]
[Result "1-0"]
[WhiteElo "1426"]
[BlackElo "1203"]
[PlyCount "101"]
[GameId "2160767910965577"]
[EventDate "2005.03.01"]
[EventType "swiss"]
[EventRounds "4"]
[EventCountry "CAN"]
[SourceTitle "EXT 2006"]
[Source "ChessBase"]
[SourceDate "2005.11.24"]
[SourceVersion "1"]
[SourceVersionDate "2005.11.24"]
[SourceQuality "1"]

1. Nf3 Nc6 2. g3 e5 3. Bg2 Rb8 4. d3 b6 5. c4 Bd6 6. a3 Bb7 7. Nc3 Be7 8. O-O Nf6 9. e3 O-O 10. b4 a5 11. b5 Na7 12. Nxe5 Bxg2 13. Kxg2 d6 14. Nf3 c6 15. a4 Qd7 16. Bb2 d5 17. cxd5 cxd5 18. Qb3 Rbd8 19. Rfc1 Rfe8 20. Ne2 Nh5 21. Ne5 Qb7 22. Nd4 Bf6 23. Nec6 Rc8 24. Qxd5 g6 25. Qf3 Qd7 26. g4 Ng7 27. Qxf6 Qxg4+ 28. Kh1 Nh5 29. Ne7+ Kf8 30. Qf3 Qxf3+ 31. Nxf3 Rxc1+ 32. Rxc1 Rxe7 33. Ba3 Ke8 34. Bxe7 Kxe7 35. Rc7+ Kd6 36. Rxa7 Ke6 37. Ng5+ Kf5 38. Nxh7 f6 39. Rb7 g5 40. Rxb6 Ng7 41. Rxf6+ Kg4 42. Kg2 Kh5 43. b6 Ne8 44. b7 Nxf6 45. Nxf6+ Kg6 46. Ne4 Kf5 47. b8=Q Kg6 48. Qg8+ Kh6 49. Qxg5+ Kh7 50. Nf6+ Kh8 51. Qg8# 1-0

[Event "Winnipeg TNT March op"]
[Site "Winnipeg CAN"]
[Date "2005.03.15"]
[Round "3"]
[White "Tang, Edward"]
[Black "Gentes, Kevin"]
[Result "1/2-1/2"]
[WhiteElo "2044"]
[BlackElo "2333"]
[PlyCount "76"]
[GameId "2160767910965578"]
[EventDate "2005.03.01"]
[EventType "swiss"]
[EventRounds "4"]
[EventCountry "CAN"]
[SourceTitle "EXT 2006"]
[Source "ChessBase"]
[SourceDate "2005.11.24"]
[SourceVersion "1"]
[SourceVersionDate "2005.11.24"]
[SourceQuality "1"]

1. e4 c5 2. Nf3 d6 3. d4 cxd4 4. Nxd4 Nf6 5. Nc3 a6 6. Bg5 e6 7. f4 Nbd7 8. Qe2 Be7 9. O-O-O Qc7 10. Nf3 Nb6 11. e5 dxe5 12. fxe5 Nfd5 13. Ne4 Bxg5+ 14. Nexg5 Bd7 15. Nd4 Rc8 16. Qh5 g6 17. Qf3 O-O 18. Qh3 h5 19. Qg3 Nb4 20. Rd2 Nc6 21. Ngf3 Nxd4 22. Nxd4 Nc4 23. Bxc4 Qxc4 24. Kb1 Rfd8 25. Rhd1 Be8 26. c3 b5 27. Qf4 b4 28. Ne2 Rxd2 29. Rxd2 bxc3 30. Qxc4 Rxc4 31. Nxc3 Bc6 32. Rd8+ Kg7 33. Rd2 Rg4 34. g3 h4 35. Rd3 hxg3 36. hxg3 Be4 37. Nxe4 Rxe4 38. Ra3 Rxe5 1/2-1/2

[Event "Winnipeg TNT March op"]
[Site "Winnipeg CAN"]
[Date "2005.03.22"]
[Round "4"]
[White "Cheyne, Andrew"]
[Black "Reimer, Bruce"]
[Result "1-0"]
[WhiteElo "1306"]
[BlackElo "1465"]
[PlyCount "65"]
[GameId "2160767910965579"]
[EventDate "2005.03.01"]
[EventType "swiss"]
[EventRounds "4"]
[EventCountry "CAN"]
[SourceTitle "EXT 2006"]
[Source "ChessBase"]
[SourceDate "2005.11.24"]
[SourceVersion "1"]
[SourceVersionDate "2005.11.24"]
[SourceQuality "1"]

1. e4 d6 2. d4 Nf6 3. Nc3 g6 4. Nf3 Bg7 5. Be3 O-O 6. Qd2 c6 7. Be2 b5 8. O-O b4 9. Nd1 Nxe4 10. Qxb4 a5 11. Qa4 Bd7 12. c3 Na6 13. Qc2 d5 14. Bd3 f5 15. Ng5 h6 16. Nxe4 fxe4 17. Be2 Bf5 18. Qd2 Kh7 19. f3 Nc7 20. fxe4 Bxe4 21. Nf2 Bf5 22. Nd3 Bxd3 23. Bxd3 Qd7 24. Qc2 Qe6 25. Rae1 Rxf1+ 26. Kxf1 Rf8+ 27. Kg1 Qf7 28. Qa4 e5 29. Qxc6 exd4 30. cxd4 Re8 31. Rf1 Qe7 32. Qxg6+ Kg8 33. Qh7# 1-0

[Event "Winnipeg TNT March op"]
[Site "Winnipeg CAN"]
[Date "2005.03.22"]
[Round "4"]
[White "Gentes, Kevin"]
[Black "Repa, Jason"]
[Result "1-0"]
[WhiteElo "2333"]
[BlackElo "1918"]
[PlyCount "61"]
[GameId "2160767910965581"]
[EventDate "2005.03.01"]
[EventType "swiss"]
[EventRounds "4"]
[EventCountry "CAN"]
[SourceTitle "EXT 2006"]
[Source "ChessBase"]
[SourceDate "2005.11.24"]
[SourceVersion "1"]
[SourceVersionDate "2005.11.24"]
[SourceQuality "1"]

1. e4 e6 2. d4 d5 3. Nc3 Nf6 4. e5 Nfd7 5. f4 c5 6. Nf3 Nc6 7. Be3 cxd4 8. Nxd4 Be7 9. Qd2 O-O 10. O-O-O Nxd4 11. Bxd4 f6 12. exf6 Bxf6 13. g3 e5 14. fxe5 Nxe5 15. Bg2 Bg4 16. Bxd5+ Kh8 17. Rde1 Bf3 18. Bxe5 Bxe5 19. Rxe5 Bxh1 20. Bxh1 Rf1+ 21. Re1 Qxd2+ 22. Kxd2 Rd8+ 23. Ke2 Rf6 24. Ne4 Ra6 25. a3 Rb6 26. b3 Rc6 27. c4 b5 28. c5 Ra6 29. Nd6 Rb8 30. Ra1 b4 31. a4 1-0

[Event "Winnipeg TNT March op"]
[Site "Winnipeg CAN"]
[Date "2005.03.22"]
[Round "4"]
[White "Kwiatek, Jordan"]
[Black "Greenberg, Harley"]
[Result "0-1"]
[WhiteElo "1740"]
[BlackElo "1747"]
[PlyCount "78"]
[GameId "2160767910965583"]
[EventDate "2005.03.01"]
[EventType "swiss"]
[EventRounds "4"]
[EventCountry "CAN"]
[SourceTitle "EXT 2006"]
[Source "ChessBase"]
[SourceDate "2005.11.24"]
[SourceVersion "1"]
[SourceVersionDate "2005.11.24"]
[SourceQuality "1"]

1. d4 g6 2. e4 Bg7 3. f3 d6 4. Nc3 Nf6 5. Be3 O-O 6. Qd2 e6 7. g4 c5 8. Nge2 Nc6 9. O-O-O cxd4 10. Nxd4 Bd7 11. Bh6 Nxd4 12. Bxg7 Nxf3 13. Qf4 Kxg7 14. Qxf3 Bc6 15. Bc4 Rc8 16. Bb3 b5 17. g5 Nh5 18. h4 b4 19. Ne2 a5 20. Nf4 Nxf4 21. Qxf4 a4 22. Rxd6 Qe7 23. Qe5+ Kg8 24. Bxe6 fxe6 25. h5 Bxe4 26. hxg6 Rxc2+ 27. Kd1 Bxh1 28. gxh7+ Qxh7 29. Qxe6+ Qf7 30. Qg6+ Qxg6 31. Rxg6+ Kh7 32. Rh6+ Kg7 33. Kxc2 Rf2+ 34. Kd3 Rxb2 35. Rxh1 Rxa2 36. Rh6 b3 37. Rb6 Rg2 38. Rb4 b2 39. Kc3 a3 0-1

[Event "Winnipeg TNT March op"]
[Site "Winnipeg CAN"]
[Date "2005.03.22"]
[Round "4"]
[White "Lipnowski, Samuel"]
[Black "Degroot, Stephen"]
[Result "1-0"]
[WhiteElo "2124"]
[BlackElo "1586"]
[PlyCount "115"]
[GameId "2160767910965584"]
[EventDate "2005.03.01"]
[EventType "swiss"]
[EventRounds "4"]
[EventCountry "CAN"]
[SourceTitle "EXT 2006"]
[Source "ChessBase"]
[SourceDate "2005.11.24"]
[SourceVersion "1"]
[SourceVersionDate "2005.11.24"]
[SourceQuality "1"]

1. e4 c5 2. Nf3 d6 3. d4 cxd4 4. Nxd4 Nf6 5. Nc3 a6 6. Bg5 e6 7. f4 Be7 8. Qf3 Qc7 9. O-O-O Nbd7 10. Bd3 b5 11. Rhe1 Bb7 12. Qg3 b4 13. Nd5 exd5 14. exd5 Kd8 15. Nc6+ Bxc6 16. dxc6 Nb6 17. Bh4 Bf8 18. Qe3 Be7 19. Qg3 Bf8 20. Re2 Qxc6 21. Be4 d5 22. Bxd5 Nbxd5 23. Rxd5+ Kc8 24. Rd3 Kb7 25. f5 Rc8 26. Kb1 Ne4 27. Qg4 Nf6 28. Qg3 a5 29. a3 Ne4 30. Qe5 Nc5 31. Rf3 f6 32. Qg3 Rc7 33. Qg4 Nd7 34. Rfe3 Ne5 35. Qh3 Bc5 36. Re4 Rd8 37. Be1 Ka6 38. axb4 Rd1+ 39. Ka2 axb4 40. Bxb4 Qd5+ 41. b3 Bd4 42. c3 Bc5 43. c4 Bd4 44. Rxd4 Qxd4 45. Bc3 Qc5 46. Qh4 Kb6 47. Kb2 Ra7 48. Kc2 Rd6 49. Kb1 Rad7 50. Qf2 Nc6 51. b4 Qxf2 52. Rxf2 Rd1+ 53. Kc2 R1d6 54. c5+ Kb5 55. cxd6 Rxd6 56. Rf4 Ne7 57. Rf3 Nd5 58. Kb3 1-0

[Event "Winnipeg TNT March op"]
[Site "Winnipeg CAN"]
[Date "2005.03.22"]
[Round "4"]
[White "Podmoroff, Yuri"]
[Black "Prince, Colin"]
[Result "0-1"]
[WhiteElo "1333"]
[BlackElo "1790"]
[PlyCount "62"]
[GameId "2160767910965585"]
[EventDate "2005.03.01"]
[EventType "swiss"]
[EventRounds "4"]
[EventCountry "CAN"]
[SourceTitle "EXT 2006"]
[Source "ChessBase"]
[SourceDate "2005.11.24"]
[SourceVersion "1"]
[SourceVersionDate "2005.11.24"]
[SourceQuality "1"]

1. e4 e5 2. Nf3 Nc6 3. Bc4 Bc5 4. O-O Nf6 5. d3 h6 6. Re1 Ng4 7. Be3 Nxe3 8. fxe3 g5 9. d4 Bd6 10. Rf1 Rh7 11. Nc3 g4 12. Nd2 exd4 13. Qxg4 Qg5 14. Qf3 Ne5 15. Qe2 dxc3 16. bxc3 Ng4 17. Rf5 Qxe3+ 18. Qxe3 Nxe3 19. Rf3 Bc5 20. Kh1 d6 21. Rg3 Kf8 22. Bb3 Rg7 23. Rf3 Ke7 24. g3 Bh3 25. Rxe3 Bxe3 26. Nc4 Bb6 27. Nxb6 axb6 28. Rd1 h5 29. Rd3 h4 30. Rf3 Rag8 31. gxh4 Rg1# 0-1

[Event "Winnipeg TNT March op"]
[Site "Winnipeg CAN"]
[Date "2005.03.22"]
[Round "4"]
[White "Rutter, Blair"]
[Black "Khedkar, Jay S"]
[Result "0-1"]
[WhiteElo "1748"]
[BlackElo "1956"]
[PlyCount "102"]
[GameId "2160767910965586"]
[EventDate "2005.03.01"]
[EventType "swiss"]
[EventRounds "4"]
[EventCountry "CAN"]
[SourceTitle "EXT 2006"]
[Source "ChessBase"]
[SourceDate "2005.11.24"]
[SourceVersion "1"]
[SourceVersionDate "2005.11.24"]
[SourceQuality "1"]

1. c4 e6 2. g3 d5 3. Bg2 Nf6 4. Nc3 Be7 5. d3 dxc4 6. Qa4+ Bd7 7. Qxc4 Nc6 8. Nf3 O-O 9. O-O h6 10. a3 Rc8 11. b4 Bd6 12. e4 e5 13. Nd5 Nxd5 14. exd5 Ne7 15. Be3 c6 16. dxc6 Bxc6 17. Qa2 Bb8 18. Qe2 Qd7 19. Bc5 Bxf3 20. Bxf3 Rfe8 21. Rad1 b6 22. Be3 Nd5 23. Rc1 Nf4 24. gxf4 exf4 25. Rxc8 Qxc8 26. Rc1 Qd8 27. Bg4 fxe3 28. fxe3 Qg5 29. Kh1 Bd6 30. Rc8 Rxc8 31. Bxc8 a5 32. bxa5 Qxa5 33. d4 Qxa3 34. Bf5 Be7 35. Bd3 Bg5 36. Kg2 Qc1 37. e4 Qe3 38. d5 Qxe2+ 39. Bxe2 Bf4 40. h3 Kf8 41. Kf3 Bd6 42. Kg4 Ke7 43. h4 Kf6 44. h5 Ke5 45. Bd3 g6 46. hxg6 fxg6 47. Kf3 h5 48. Bb5 g5 49. Be8 g4+ 50. Kg2 h4 51. Bh5 Kf4 0-1

[Event "Winnipeg TNT March op"]
[Site "Winnipeg CAN"]
[Date "2005.03.22"]
[Round "4"]
[White "Tang, Edward"]
[Black "Babb, Jeff"]
[Result "0-1"]
[WhiteElo "2044"]
[BlackElo "2136"]
[PlyCount "61"]
[GameId "2160767910965587"]
[EventDate "2005.03.01"]
[EventType "swiss"]
[EventRounds "4"]
[EventCountry "CAN"]
[SourceTitle "EXT 2006"]
[Source "ChessBase"]
[SourceDate "2005.11.24"]
[SourceVersion "1"]
[SourceVersionDate "2005.11.24"]
[SourceQuality "1"]

1. e4 e5 2. Bc4 Nf6 3. d3 c6 4. Nf3 d6 5. O-O Be7 6. Re1 O-O 7. Nbd2 b5 8. Bb3 a5 9. c3 a4 10. Bc2 Nbd7 11. Nf1 Re8 12. d4 Bf8 13. Ng3 g6 14. h4 Qc7 15. h5 Bg7 16. Bg5 Nf8 17. Qd2 Ng4 18. hxg6 hxg6 19. Nh2 Nxh2 20. Kxh2 Ne6 21. Bh6 Qe7 22. Be3 Qh4+ 23. Kg1 Bb7 24. b3 Bf6 25. bxa4 bxa4 26. Rab1 Ba6 27. Bd3 Bxd3 28. Qxd3 Kg7 29. Kf1 Rh8 30. Rb6 Bg5 31. Ne2 0-1

[Event "Winnipeg TNT March op"]
[Site "Winnipeg CAN"]
[Date "2005.03.22"]
[Round "4"]
[White "Zaczek, Jonathon"]
[Black "Essery, Richard"]
[Result "1-0"]
[WhiteElo "2024"]
[BlackElo "1723"]
[PlyCount "41"]
[GameId "2160767910965588"]
[EventDate "2005.03.01"]
[EventType "swiss"]
[EventRounds "4"]
[EventCountry "CAN"]
[SourceTitle "EXT 2006"]
[Source "ChessBase"]
[SourceDate "2005.11.24"]
[SourceVersion "1"]
[SourceVersionDate "2005.11.24"]
[SourceQuality "1"]

1. e4 d5 2. exd5 Qxd5 3. Nc3 Qa5 4. d4 Nf6 5. Bd2 Qb6 6. Bd3 Qxd4 7. Nf3 Qd8 8. Qe2 Bg4 9. O-O-O e6 10. Bg5 Qe7 11. h3 Bxf3 12. Qxf3 c6 13. Ne4 Nbd7 14. Be2 O-O-O 15. Rxd7 Rxd7 16. Nxf6 Rd4 17. Nxh7 Qc5 18. Be3 Rxh7 19. Qxf7 Rd7 20. Qe8+ Rd8 21. Qxe6+ 1-0

[Event "Winnipeg TNT May op"]
[Site "Winnipeg CAN"]
[Date "2005.05.03"]
[Round "1"]
[White "Anderson, George"]
[Black "MacPherson, Al"]
[Result "1-0"]
[WhiteElo "1435"]
[BlackElo "1748"]
[PlyCount "69"]
[GameId "2160767910968555"]
[EventDate "2005.05.03"]
[EventType "swiss"]
[EventRounds "4"]
[EventCountry "CAN"]
[SourceTitle "EXT 2022"]
[Source "ChessBase"]
[SourceDate "2021.10.06"]
[SourceVersion "1"]
[SourceVersionDate "2021.10.06"]
[SourceQuality "1"]

1. e4 c5 2. b4 cxb4 3. d4 Nf6 4. e5 Nd5 5. Bc4 Nc3 6. Qf3 e6 7. Nxc3 bxc3 8. Qxc3 Nc6 9. Qe3 Qc7 10. Bb3 b6 11. Nf3 Ba6 12. c4 Na5 13. Nd2 Nxc4 14. Bxc4 Bxc4 15. Ba3 Bd5 16. Bxf8 Rxf8 17. O-O Qd8 18. Ne4 Bxe4 19. Qxe4 g6 20. Rac1 Rb8 21. Rc2 f5 22. Qd3 Rc8 23. Rfc1 Rxc2 24. Rxc2 Kf7 25. d5 Qb8 26. dxe6+ Kxe6 27. Qc4+ Kxe5 28. Re2+ Kf6 29. Qd4+ Kf7 30. Qxd7+ Kf6 31. Re6+ Kg5 32. h4+ Kh6 33. Re1 Rc8 34. Qd2+ f4 35. Qd5 1-0

[Event "Winnipeg TNT May op"]
[Site "Winnipeg CAN"]
[Date "2005.05.03"]
[Round "1"]
[White "Essery, Richard"]
[Black "Oberton, Daniel"]
[Result "0-1"]
[WhiteElo "1726"]
[BlackElo "1414"]
[PlyCount "44"]
[GameId "2160767910968556"]
[EventDate "2005.05.03"]
[EventType "swiss"]
[EventRounds "4"]
[EventCountry "CAN"]
[SourceTitle "EXT 2022"]
[Source "ChessBase"]
[SourceDate "2021.10.06"]
[SourceVersion "1"]
[SourceVersionDate "2021.10.06"]
[SourceQuality "1"]

1. e4 c5 2. Nc3 d6 3. f4 Nc6 4. Nf3 Nf6 5. d4 cxd4 6. Nxd4 Qc7 7. h3 a6 8. Be3 g6 9. Bd3 Bg7 10. O-O O-O 11. a3 Bd7 12. Qd2 Nxd4 13. Bxd4 e5 14. Be3 Rad8 15. Na4 Bxa4 16. Qb4 Bb5 17. c4 Bd7 18. Bb6 Qc6 19. Bxd8 Rxd8 20. Qe1 Bh6 21. f5 Qb6+ 22. Qf2 Be3 0-1